000 00837nam a2200253 i 4500
001 146492
003 ES-MaACL
005 20250828090943.0
007 t|
008 070910s1956 sp ||||1| spa d
080 _a232(04)
100 1 _aTóth, Tihamér.
_9111109
245 1 0 _aCreo en Jesucristo, el Mesías /
_cMons. Tihamér Tóth, obispo de Veszprém ; [traducido del original húngaro por D. Antonio Sancho].
250 _a5ª ed.
260 _aMadrid :
_bSociedad de Educación Atenas,
_c[1956]
300 _a359 p. ;
_c22 cm.
490 1 _aRazonemos nuestra fe
600 0 4 _aJesucristo.
_966361
700 1 _aSancho Nebot, Antonio,
_d1884-1961
_9103048
710 2 _aSociedad de Educación Atenas
_96665
830 1 _aRazonemos nuestra fe
_9182561
852 _aES-MaACL
_jC-10303
999 _c146492
_d146492